00485nam a2200193 a 4500001001300000003000900013005001700022008004100039020000900080082001300089100002200102245004700124260002500171300000900196500003500205505001000240650001900250700002200269nice12345678IN_TiNIC20260116012315.0050524s1982 dela grp 000 0 eng  ac1500a266bZAC aZachariah, Mathai aLocal Congregationb Its Mission in India. aDelhi bISPCK c1982 a140p aincludes index and biblioraphy2 aIndex aMissions-India1 aZachariah, Mathai